01050ngm a2200253 a 450000500170000000800410001708200180005810000350007624500590011125000190017030000630018949000390025250000900029165000680038165000460044965000420049565000580053770000360059526400420063133600270067333700330070033800280073304000350076120220317001256.0160825s1986 ck g 000 0 spa 04a791.436bM14v1 aDuque Naranjo, Lisandrod1943-10aVisa USAcdirección Lisandro Duquehvideograbación a1a. edición  a1 videocasete en VHS (90 minutos)bsonido, color c20 cm  aLa maletappelículas colombianas aLa película pertenece a la colección La Maleta. Dirigida para un público adulto142LEMBaPelículas Cinematográficas colombianasvVideocasetes 142LEMBaSueños en el cine vVideocasetes 142LEMBaAmor en el cine vVideocasetes 142LEMBaRelaciones de pareja en el cine vVideocasetes 1 aDuque Naranjo, Lisandrod1943-  aBogotábMinisterio de Culturac1986 atextobtxt2rdacontent asin mediaciónbn2rdamedia avolumenbnc2rdacarrier aCO-BoRNBPbspaerdacCO-BoRNBP